000
00250nam a2200097Ia 4500
001
688028
005
20250826161607.0
008
250824s9999 xx 000 0 und d
245
0
_a
SON İMPARATORLUK OSMANLI
_c
İLBER ORTAYLI
260
_b
TİMAŞ YAYINLARI
999
_c
688028
_d
688028